<?xml version='1.0' encoding='UTF-8'?>
  <record xmlns="http://www.loc.gov/MARC21/slim">
    <leader>00000ctm a22000002i 4500</leader>
    <controlfield tag="001">on1262735597</controlfield>
    <controlfield tag="003">OCoLC</controlfield>
    <controlfield tag="005">20240202180208.2</controlfield>
    <controlfield tag="008">210804s1679    ii            000 0 per d</controlfield>
    <datafield tag="040" ind1=" " ind2=" ">
      <subfield code="a">QGJ</subfield>
      <subfield code="b">eng</subfield>
      <subfield code="e">rda</subfield>
      <subfield code="e">dcrmmss</subfield>
      <subfield code="c">QGJ</subfield>
      <subfield code="d">QGJ</subfield>
      <subfield code="d">OCLCO</subfield>
      <subfield code="d">OCLCA</subfield>
      <subfield code="d">OCLCL</subfield>
    </datafield>
    <datafield tag="035" ind1=" " ind2=" ">
      <subfield code="a">(OCoLC)1262735597</subfield>
    </datafield>
    <datafield tag="041" ind1="1" ind2=" ">
      <subfield code="a">per</subfield>
      <subfield code="a">dut</subfield>
      <subfield code="h">per</subfield>
    </datafield>
    <datafield tag="242" ind1="1" ind2="0">
      <subfield code="a">Collectie administratieve papieren :</subfield>
      <subfield code="b">kopieën van farmans en andere officiële documenten in het Perzisch m.b.t. de koningen van Golkonda (vnl. 'Abdallah Qutub Shah) en de VOC, ca. 1627-1679.</subfield>
      <subfield code="y">dut</subfield>
    </datafield>
    <datafield tag="245" ind1="0" ind2="0">
      <subfield code="a">Collection of administrative papers :</subfield>
      <subfield code="b">copies of firmans and other official documents in Persian relating to the kings of Golkonda, mostly 'Abdallah Qutub Shah, and the VOC (Verenigde Oostindische Compagnie), approximately 1627-1679 /</subfield>
      <subfield code="c">written by Shah Qasim on behalf of Daniel Havart ; with translations of most of the documents into Dutch by Daniël Havart,</subfield>
      <subfield code="f">UBU Hs. 1473 (Hs 1 B 7).</subfield>
    </datafield>
    <datafield tag="246" ind1="1" ind2=" ">
      <subfield code="i">Title in: P.A. Tiele, Catalogus codicum manu scriptorum Bibliothecae Universitatis Rheno-Trajectinae:</subfield>
      <subfield code="a">Collectio diplomatum et libellorum supplicum in usum Danielis Harvart</subfield>
    </datafield>
    <datafield tag="246" ind1="3" ind2=" ">
      <subfield code="a">Boeck van verscheide firmans en versoeck-schriften</subfield>
    </datafield>
    <datafield tag="264" ind1=" " ind2="0">
      <subfield code="a">[Place of production not identified],</subfield>
      <subfield code="c">Heg. 1090 [1679]</subfield>
    </datafield>
    <datafield tag="300" ind1=" " ind2=" ">
      <subfield code="a">36 leaves ;</subfield>
      <subfield code="c">209 x 307 (approximately 115 x 307) mm</subfield>
    </datafield>
    <datafield tag="336" ind1=" " ind2=" ">
      <subfield code="a">text</subfield>
      <subfield code="b">txt</subfield>
      <subfield code="2">rdacontent</subfield>
    </datafield>
    <datafield tag="337" ind1=" " ind2=" ">
      <subfield code="a">unmediated</subfield>
      <subfield code="b">n</subfield>
      <subfield code="2">rdamedia</subfield>
    </datafield>
    <datafield tag="338" ind1=" " ind2=" ">
      <subfield code="a">volume</subfield>
      <subfield code="b">nc</subfield>
      <subfield code="2">rdacarrier</subfield>
    </datafield>
    <datafield tag="340" ind1=" " ind2=" ">
      <subfield code="a">paper</subfield>
      <subfield code="2">rdamat</subfield>
    </datafield>
    <datafield tag="500" ind1=" " ind2=" ">
      <subfield code="a">Fol. 2r: Het boeck van verscheide firmans en versoeck-schriften.</subfield>
    </datafield>
    <datafield tag="500" ind1=" " ind2=" ">
      <subfield code="a">Dating: Heg. 1090 [1679].</subfield>
    </datafield>
    <datafield tag="500" ind1=" " ind2=" ">
      <subfield code="a">Bibliographical reference: P.A. Tiele, Catalogus codicum manu scriptorum Bibliothecae Universitatis Rheno-Trajectinae. I. Trajecti ad Rhenum / Hagae Comitis 1887. P. 346.</subfield>
    </datafield>
    <datafield tag="500" ind1=" " ind2=" ">
      <subfield code="a">Bibliographical reference: Catalogus codicum Orientalium Bibliothecae Academiae Lugduno-Batavae 2675 (V, p. 265).</subfield>
    </datafield>
    <datafield tag="500" ind1=" " ind2=" ">
      <subfield code="a">Bibliographical reference: Lennart Bes, Dutch sources on South Asia c. 1600-1825, vol. 2 (New Delhi, 2007), p. 262.</subfield>
    </datafield>
    <datafield tag="500" ind1=" " ind2=" ">
      <subfield code="a">Bibliographical reference: Jan Just Witkam, Inventory of the Oriental manuscripts of the Royal Netherlands Academy of Arts and Sciences in Amsterdam (Leiden, 2006), 47 (Acad. 138).</subfield>
    </datafield>
    <datafield tag="524" ind1="8" ind2=" ">
      <subfield code="a">Cite as: Universiteitsbibliotheek Utrecht Hs. 1473 (Hs 1 B 7)</subfield>
    </datafield>
    <datafield tag="541" ind1=" " ind2=" ">
      <subfield code="c">Gift;</subfield>
      <subfield code="a">Wed. Swijghuisen Groenewoud;</subfield>
      <subfield code="d">1860</subfield>
    </datafield>
    <datafield tag="581" ind1=" " ind2=" ">
      <subfield code="a">P.A. Tiele, Catalogus codicum manu scriptorum Bibliothecae Universitatis Rheno-Trajectinae. I. Trajecti ad Rhenum / Hagae Comitis 1887. P. 346.</subfield>
    </datafield>
    <datafield tag="561" ind1=" " ind2=" ">
      <subfield code="a">Taken to the Netherlands by Havart. Acquired by Sebald Rau (172?-1818). Obtained after the auction of his collection by the Utrecht orientalist Jacobus Cornelis Swijghuisen Groenewoud (1784-1859). In 1860 his widow handed it over to Utrecht University Library.</subfield>
    </datafield>
    <datafield tag="581" ind1=" " ind2=" ">
      <subfield code="a">Catalogus codicum Orientalium Bibliothecae Academiae Lugduno-Batavae 2675 (V, p. 265).</subfield>
    </datafield>
    <datafield tag="581" ind1=" " ind2=" ">
      <subfield code="a">Lennart Bes, Dutch sources on South Asia c. 1600-1825, vol. 2 (New Delhi, 2007), p. 262.</subfield>
    </datafield>
    <datafield tag="581" ind1=" " ind2=" ">
      <subfield code="a">Jan Just Witkam, Inventory of the Oriental manuscripts of the Royal Netherlands Academy of Arts and Sciences in Amsterdam (Leiden, 2006), 47 (Acad. 138).</subfield>
    </datafield>
    <datafield tag="600" ind1="0" ind2="0">
      <subfield code="a">ʻAbdullāh Qut̤b Shāh,</subfield>
      <subfield code="c">Sultan of Golkunda,</subfield>
      <subfield code="d">1614-1672.</subfield>
    </datafield>
    <datafield tag="610" ind1="2" ind2="0">
      <subfield code="a">Nederlandsche Oost-Indische Compagnie.</subfield>
    </datafield>
    <datafield tag="650" ind1=" " ind2="0">
      <subfield code="a">Firmans</subfield>
      <subfield code="z">India</subfield>
      <subfield code="z">Golconda.</subfield>
    </datafield>
    <datafield tag="651" ind1=" " ind2="0">
      <subfield code="a">Golconda (India)</subfield>
      <subfield code="x">Relations</subfield>
      <subfield code="z">Netherlands.</subfield>
    </datafield>
    <datafield tag="651" ind1=" " ind2="0">
      <subfield code="a">Golconda (India)</subfield>
      <subfield code="x">History.</subfield>
    </datafield>
    <datafield tag="651" ind1=" " ind2="6">
      <subfield code="a">Golconde (Inde)</subfield>
      <subfield code="x">Relations</subfield>
      <subfield code="z">Pays-Bas.</subfield>
    </datafield>
    <datafield tag="650" ind1=" " ind2="7">
      <subfield code="a">Firmans.</subfield>
      <subfield code="2">fast</subfield>
      <subfield code="0">(OCoLC)fst01739246</subfield>
    </datafield>
    <datafield tag="650" ind1=" " ind2="7">
      <subfield code="a">International relations.</subfield>
      <subfield code="2">fast</subfield>
      <subfield code="0">(OCoLC)fst00977053</subfield>
    </datafield>
    <datafield tag="651" ind1=" " ind2="7">
      <subfield code="a">India</subfield>
      <subfield code="z">Golconda.</subfield>
      <subfield code="2">fast</subfield>
      <subfield code="0">(OCoLC)fst01231919</subfield>
    </datafield>
    <datafield tag="648" ind1=" " ind2="7">
      <subfield code="a">1627-1679</subfield>
      <subfield code="2">fast</subfield>
    </datafield>
    <datafield tag="700" ind1="1" ind2=" ">
      <subfield code="a">Qasim, Shah,</subfield>
      <subfield code="d">active 17th century,</subfield>
      <subfield code="e">scribe.</subfield>
      <subfield code="4">scr</subfield>
    </datafield>
    <datafield tag="700" ind1="1" ind2=" ">
      <subfield code="a">Havart, Daniel,</subfield>
      <subfield code="d">approximately 1656-</subfield>
      <subfield code="e">translator,</subfield>
      <subfield code="e">former owner.</subfield>
      <subfield code="4">trl</subfield>
      <subfield code="4">fmo</subfield>
      <subfield code="1">https://id.oclc.org/worldcat/entity/E39PCjtrYfGfWCbwYBGVBt7Mbm</subfield>
    </datafield>
    <datafield tag="700" ind1="1" ind2=" ">
      <subfield code="a">Rau, Sebald,</subfield>
      <subfield code="d">-1818,</subfield>
      <subfield code="e">former owner.</subfield>
      <subfield code="4">fmo</subfield>
      <subfield code="1">https://id.oclc.org/worldcat/entity/E39PBJkT9PVm6hrK8CYBhhKfMP</subfield>
    </datafield>
    <datafield tag="700" ind1="1" ind2=" ">
      <subfield code="a">Swijghuisen Groenewoud, Jacob Cornelis,</subfield>
      <subfield code="d">1784-1859,</subfield>
      <subfield code="e">former owner.</subfield>
      <subfield code="4">fmo</subfield>
      <subfield code="1">https://id.oclc.org/worldcat/entity/E39PBJrwPFQ97T7CRbThYc7T73</subfield>
    </datafield>
    <datafield tag="710" ind1="2" ind2=" ">
      <subfield code="a">Universiteit Utrecht.</subfield>
      <subfield code="b">Bibliotheek.</subfield>
      <subfield code="k">Manuscript.</subfield>
      <subfield code="n">Hs. 1473 (Hs 1 B 7)</subfield>
    </datafield>
    <datafield tag="758" ind1=" " ind2=" ">
      <subfield code="i">has work:</subfield>
      <subfield code="a">Collection of administrative papers UBU Hs. 1473 (Hs 1 B 7) (Text)</subfield>
      <subfield code="1">https://id.oclc.org/worldcat/entity/E39PCGbvc8KxRjBCQK8xt7yfdP</subfield>
      <subfield code="4">https://id.oclc.org/worldcat/ontology/hasWork</subfield>
    </datafield>
  </record>